2010年以降の朝ドラタイトル - Statistics

General Stats
  • This quiz has been taken 94 times
  • The average score is 14 of 33
Answer Stats
番号 タイトル % Correct
88 あまちゃん
72%
91 マッサン
66%
110 虎に翼
62%
99 まんぷく
59%
111 おむすび
57%
112 あんぱん
53%
82 ゲゲゲの女房
51%
89 ごちそうさん
47%
92 まれ
47%
98 半分、青い。
47%
102 エール
47%
97 わろてんか
46%
96 ひよっこ
43%
106 ちむどんどん
42%
113 ばけばけ
42%
86 梅ちゃん先生
41%
101 スカーレット
41%
105 カムカムエヴリバディ
41%
90 花子とアン
39%
100 なつぞら
39%
108 らんまん
39%
93 あさが来た
37%
107 舞いあがれ!
37%
85 カーネーション
35%
87 純と愛
35%
109 ブギウギ
35%
94 とと姉ちゃん
34%
83 てっぱん
30%
103 おちょやん
30%
104 おかえりモネ
30%
95 べっぴんさん
29%
84 おひさま
28%
81 ウェルかめ
20%
No matching quizzes found
Score Distribution
Percent of People with Each Score
Percentile by Number Answered
Your Score History
You have not taken this quiz